000 00852nam a2200253Ia 4500
999 _c53669
_d53669
001 20716
003 GE_BSU
005 20210307223731.0
008 181216s2013||||xx |||||||||||||| ||eng||
020 _a9780199544837
040 _cGE_BSU
041 _aeng
080 _a341.1 T-44
245 4 _aThe member States of the European Union /
_bEdited by Bulmer Simon, Lequesne Christian.
250 _aSecond edition
264 _aOxford :
_bOxford university Press,
_c2013.
300 _a449 p. ;
_c25 cm.
541 _h120 Gel.
653 _aThe member States of the European Union
653 _aГосударства - члены Европейского союза
653 _aევროკავშირის წევრი სახელმწიფოები
700 _aChristian, Lequesne
_eEditer
_910373
942 _cBK
_2udc